000 00750nam a22001935i 4500
001 154702
003 ES-MaACL
005 20230906205825.0
008 040707q18701900fr a |||| | fre d
040 _aCAM
_bspa
_cCAM
100 1 _aGouzy, P.
_9127504
245 1 0 _aPromenade d'une fillette autour d'un laboratoire /
_cpar P. Gouzy; dessins de Tournois.
250 _a2e éd.
260 _aParis :
_bBibliotheque d'Education et de Récréation, J. Hetzel et c\pie\s,
_c[s.a.] (
_fImprimerie de A. Lahure)
300 _aIII, 362 p. :
_bil. ;
_c19 cm.
596 1 _aProbablemente fechada en el último cuarto del siglo XIX.
700 1 1 _aTournois,
_eil.
_9133359
852 _aES-MaACL
_jC-2687
_z-- Rust. deteriorado
_z-- Legado de M. de la Fuente
999 _c154702
_d154702